Cities by airline hubs - Statistics

General Stats
  • This quiz has been taken 145 times
  • The average score is 39 of 48
Answer Stats
Airline Hub# City % Correct
Air China 1 Beijing - Capital
96%
China Eastern 2 Beijing - Capital
96%
China Southern 1 Beijing - Capital
96%
China Southern 1 Beijing - Daxing
96%
Emirates - Dubai
96%
American Airlines 1 Los Angeles
96%
China Eastern 1 Shanghai - Hongqiao
96%
China Eastern 1 Shanghai - Pudong
96%
China Southern 2 Shanghai - Pudong
96%
Qantas 1 Sydney
95%
Lufthansa 1 Frankfurt
94%
Qantas 1 Brisbane
92%
Cathay Pacific - Hong Kong
92%
Qantas 1 Melbourne
92%
American Airlines 1 New York - JFK
91%
American Airlines 1 New York - LaGuardia
91%
Korean Air 1 Seoul - Gimpo
91%
Korean Air 1 Seoul - Incheon
91%
KLM - Amsterdam
90%
American Airlines 1 Dallas / Fort Worth
89%
Lufthansa 2 Munich
89%
American Airlines 1 Chicago - O'Hare
88%
American Airlines 1 Miami
88%
Qantas 2 Perth
88%
Ryanair 1 Dublin
86%
Qantas 2 Adelaide
83%
AirBaltic 1 Riga
82%
China Southern 1 Guangzhou
80%
SAS 2 Stockholm
80%
SAS 3 Oslo
79%
American Airlines 1 Philadelphia
78%
Ryanair 2 London - Stansted
77%
AirBaltic 2 Tallinn
77%
SAS 1 Copenhagen
75%
Korean Air 1 Busan - Gimhae
74%
AirBaltic 2 Vilnius
74%
American Airlines 1 Washington - National
74%
China Eastern 1 Xi'an
69%
American Airlines 1 Phoenix - Sky Harbor
68%
China Southern 2 Shenzhen
66%
Air China 2 Chengdu
65%
China Airlines 1 Taipei - Taoyuan
63%
American Airlines 1 Charlotte
62%
Scoot - Singapore
62%
China Southern 1 Chongqing
54%
China Eastern 2 Qingdao
36%
China Southern 2 Ürümqi
31%
China Eastern 1 Kunming
29%
No matching quizzes found
Score Distribution
Percent of People with Each Score
Percentile by Number Answered
Your Score History
You have not taken this quiz